<?xml version="1.0" encoding="UTF-8"?>
<record
    xmlns:xsi="http://www.w3.org/2001/XMLSchema-instance"
    xsi:schemaLocation="http://www.loc.gov/MARC21/slim http://www.loc.gov/standards/marcxml/schema/MARC21slim.xsd"
    xmlns="http://www.loc.gov/MARC21/slim">

  <leader>01735na  a2200337   4500</leader>
  <controlfield tag="001">14450</controlfield>
  <controlfield tag="003">MIRAKIL</controlfield>
  <controlfield tag="005">20181213154906.0</controlfield>
  <controlfield tag="008">160908b        tu            000 0      </controlfield>
  <datafield tag="020" ind1=" " ind2=" ">
    <subfield code="a">9759546507</subfield>
  </datafield>
  <datafield tag="035" ind1=" " ind2=" ">
    <subfield code="a">14450</subfield>
  </datafield>
  <datafield tag="040" ind1=" " ind2=" ">
    <subfield code="a">Milas</subfield>
    <subfield code="b">tur</subfield>
    <subfield code="c">TR-AnCHP</subfield>
  </datafield>
  <datafield tag="082" ind1=" " ind2=" ">
    <subfield code="a">340.09</subfield>
    <subfield code="b">A43o 1990</subfield>
  </datafield>
  <datafield tag="090" ind1=" " ind2=" ">
    <subfield code="a">340.09 A43o 1990</subfield>
  </datafield>
  <datafield tag="100" ind1=" " ind2=" ">
    <subfield code="a">Akg&#xFC;nd&#xFC;z, Ahmet</subfield>
    <subfield code="d">1955-</subfield>
  </datafield>
  <datafield tag="245" ind1=" " ind2=" ">
    <subfield code="a">Osmanl&#x131; kanunnameleri ve hukuki tahlilleri</subfield>
  </datafield>
  <datafield tag="246" ind1=" " ind2=" ">
    <subfield code="a">Osmanl&#x131; kanunnameleri</subfield>
  </datafield>
  <datafield tag="260" ind1=" " ind2=" ">
    <subfield code="a">&#x130;stanbul</subfield>
    <subfield code="b">FEY Vakf&#x131;</subfield>
    <subfield code="c">1990</subfield>
  </datafield>
  <datafield tag="300" ind1=" " ind2=" ">
    <subfield code="a">c. &lt;2-9&gt;</subfield>
    <subfield code="b">res.; hrt.</subfield>
    <subfield code="c">28 cm.</subfield>
  </datafield>
  <datafield tag="490" ind1=" " ind2=" ">
    <subfield code="a">FEY Vakf&#x131; yay&#x131;nlar&#x131;</subfield>
    <subfield code="v">1</subfield>
  </datafield>
  <datafield tag="490" ind1=" " ind2=" ">
    <subfield code="a">&#x130;lmi ara&#x15F;t&#x131;rmalar serisi</subfield>
    <subfield code="v">1</subfield>
  </datafield>
  <datafield tag="500" ind1=" " ind2=" ">
    <subfield code="a">T&#xFC;rk&#xE7;e ve Osmanl&#x131;ca metinler var.</subfield>
  </datafield>
  <datafield tag="504" ind1=" " ind2=" ">
    <subfield code="a">Kaynak&#xE7;a ve dizin var.</subfield>
  </datafield>
  <datafield tag="505" ind1=" " ind2=" ">
    <subfield code="a">c.1. Osmanl&#x131; hukukuna giri&#x15F; ve Fatih devri kanunnameleri -- c.2: II. Bayezid devri kanunnameleri -- c.3: Yavuz Sultan Selim devri kanunnameleri -- c.4: Kanuni Sultan S&#xFC;leyman devri kanunnameleri.[I.k&#x131;s&#x131;m] Merkezi ve umumi kanunnameler -- c.5:Kanuni Sultan S&#xFC;leyman devri kanunnameleri.[II. k&#x131;s&#x131;m] Kanuni devri eyalet kanunnameleri -- c.6:Kanuni Sultan S&#xFC;leyman devri kanunnameleri.[II. k&#x131;s&#x131;m] Kanuni devri eyalet kanunnameleri -- c.7: Kanuni Sultan S&#xFC;leyman devri kanunnameleri.[II. k&#x131;s&#x131;m] Kanuni devri eyalet kanunnameleri (III).-- c.8: III. Murad devri kanunnameleri -- c.9: I. Ahmed, I. Mustafa ve II. Osman devirleri kanunnameleri (1012/1603 - 1031/1622) -- </subfield>
  </datafield>
  <datafield tag="650" ind1=" " ind2=" ">
    <subfield code="a">Hukuk</subfield>
    <subfield code="x">Osmanl&#x131; &#x130;mparatorlu&#x11F;u,1288- 1918</subfield>
    <subfield code="z">T&#xFC;rkiye</subfield>
  </datafield>
  <datafield tag="650" ind1=" " ind2=" ">
    <subfield code="a">Hukuk</subfield>
    <subfield code="x">Kaynaklar</subfield>
    <subfield code="z">T&#xFC;rkiye</subfield>
  </datafield>
  <datafield tag="650" ind1=" " ind2=" ">
    <subfield code="a">Hukuk</subfield>
    <subfield code="x">Osmanl&#x131; &#x130;mparatorlu&#x11F;u</subfield>
  </datafield>
  <datafield tag="650" ind1=" " ind2=" ">
    <subfield code="a">Kanunnameler</subfield>
  </datafield>
  <datafield tag="651" ind1=" " ind2=" ">
    <subfield code="a">T&#xFC;rkiye</subfield>
    <subfield code="x">Hukuksal durum, yasalar vb.</subfield>
    <subfield code="y">Osmanl&#x131; &#x130;mparatorlu&#x11F;u,1288- 1918</subfield>
  </datafield>
  <datafield tag="942" ind1=" " ind2=" ">
    <subfield code="2">ddc</subfield>
    <subfield code="c">BKS</subfield>
  </datafield>
  <datafield tag="952" ind1=" " ind2=" ">
    <subfield code="a">0001</subfield>
    <subfield code="b">0001</subfield>
    <subfield code="d">2016-08-28</subfield>
    <subfield code="e">2</subfield>
    <subfield code="h">c.2</subfield>
    <subfield code="l">0</subfield>
    <subfield code="o">340.09 A43o 1990</subfield>
    <subfield code="p">002422</subfield>
    <subfield code="r">2016-08-28 00:00:00</subfield>
    <subfield code="v">0.00</subfield>
    <subfield code="w">2016-08-28</subfield>
    <subfield code="y">BKS</subfield>
  </datafield>
  <datafield tag="952" ind1=" " ind2=" ">
    <subfield code="a">0001</subfield>
    <subfield code="b">0001</subfield>
    <subfield code="d">2016-08-28</subfield>
    <subfield code="e">2</subfield>
    <subfield code="h">c.2</subfield>
    <subfield code="l">0</subfield>
    <subfield code="o">340.09 A43o 1990</subfield>
    <subfield code="p">002423</subfield>
    <subfield code="r">2016-08-28 00:00:00</subfield>
    <subfield code="v">0.00</subfield>
    <subfield code="w">2016-08-28</subfield>
    <subfield code="y">BKS</subfield>
  </datafield>
  <datafield tag="952" ind1=" " ind2=" ">
    <subfield code="a">0001</subfield>
    <subfield code="b">0001</subfield>
    <subfield code="d">2016-08-28</subfield>
    <subfield code="e">2</subfield>
    <subfield code="h">c.3</subfield>
    <subfield code="l">0</subfield>
    <subfield code="o">340.09 A43o 1990</subfield>
    <subfield code="p">002424</subfield>
    <subfield code="r">2016-08-28 00:00:00</subfield>
    <subfield code="v">0.00</subfield>
    <subfield code="w">2016-08-28</subfield>
    <subfield code="y">BKS</subfield>
  </datafield>
  <datafield tag="952" ind1=" " ind2=" ">
    <subfield code="a">0001</subfield>
    <subfield code="b">0001</subfield>
    <subfield code="d">2016-08-28</subfield>
    <subfield code="e">2</subfield>
    <subfield code="h">c.4</subfield>
    <subfield code="l">0</subfield>
    <subfield code="o">340.09 A43o 1990</subfield>
    <subfield code="p">002425</subfield>
    <subfield code="r">2016-08-28 00:00:00</subfield>
    <subfield code="v">0.00</subfield>
    <subfield code="w">2016-08-28</subfield>
    <subfield code="y">BKS</subfield>
  </datafield>
  <datafield tag="952" ind1=" " ind2=" ">
    <subfield code="a">0001</subfield>
    <subfield code="b">0001</subfield>
    <subfield code="d">2016-08-28</subfield>
    <subfield code="e">2</subfield>
    <subfield code="h">c.5</subfield>
    <subfield code="l">0</subfield>
    <subfield code="o">340.09 A43o 1990</subfield>
    <subfield code="p">002426</subfield>
    <subfield code="r">2016-08-28 00:00:00</subfield>
    <subfield code="v">0.00</subfield>
    <subfield code="w">2016-08-28</subfield>
    <subfield code="y">BKS</subfield>
  </datafield>
  <datafield tag="952" ind1=" " ind2=" ">
    <subfield code="a">0001</subfield>
    <subfield code="b">0001</subfield>
    <subfield code="d">2016-08-28</subfield>
    <subfield code="e">2</subfield>
    <subfield code="h">c.6</subfield>
    <subfield code="l">0</subfield>
    <subfield code="o">340.09 A43o 1990</subfield>
    <subfield code="p">002427</subfield>
    <subfield code="r">2016-08-28 00:00:00</subfield>
    <subfield code="v">0.00</subfield>
    <subfield code="w">2016-08-28</subfield>
    <subfield code="y">BKS</subfield>
  </datafield>
  <datafield tag="952" ind1=" " ind2=" ">
    <subfield code="a">0001</subfield>
    <subfield code="b">0001</subfield>
    <subfield code="d">2016-08-28</subfield>
    <subfield code="e">2</subfield>
    <subfield code="h">c.7</subfield>
    <subfield code="l">0</subfield>
    <subfield code="o">340.09 A43o 1990</subfield>
    <subfield code="p">002428</subfield>
    <subfield code="r">2016-08-28 00:00:00</subfield>
    <subfield code="v">0.00</subfield>
    <subfield code="w">2016-08-28</subfield>
    <subfield code="y">BKS</subfield>
  </datafield>
  <datafield tag="952" ind1=" " ind2=" ">
    <subfield code="a">0001</subfield>
    <subfield code="b">0001</subfield>
    <subfield code="d">2016-08-28</subfield>
    <subfield code="e">2</subfield>
    <subfield code="h">c.8</subfield>
    <subfield code="l">0</subfield>
    <subfield code="o">340.09 A43o 1990</subfield>
    <subfield code="p">002429</subfield>
    <subfield code="r">2016-08-28 00:00:00</subfield>
    <subfield code="v">0.00</subfield>
    <subfield code="w">2016-08-28</subfield>
    <subfield code="y">BKS</subfield>
  </datafield>
  <datafield tag="999" ind1=" " ind2=" ">
    <subfield code="c">2696</subfield>
    <subfield code="d">2696</subfield>
  </datafield>
</record>
